[Event "EYCC Open U20 2021"]
[Site "Tornelo"]
[Date "2021.10.15"]
[Round "1.1"]
[White "Stoleriu, George"]
[Black "Murzin, Volodar"]
[Result "1/2-1/2"]
[WhiteElo "2373"]
[BlackElo "2513"]
[Annotator "ChessBase"]
[PlyCount "47"]
[EventDate "2021.10.15"]
[EventType "swiss"]
[EventCountry "NET"]
[SourceTitle "playchess.com"]
[Source "ChessBase"]
[SourceQuality "1"]
[TimeControl "5400+30"]

1. e4 {[%emt 0:00:30]} c6 {[%emt 0:00:45]} 2. d4 {[%emt 0:00:24]} d5 {[%emt 0:00:05]} 3. exd5 {[%emt 0:00:06]} cxd5 {[%emt 0:00:07]} 4. Nf3 {[%emt 0:00:06]} Nc6 {[%emt 0:00:44]} 5. Ne5 {[%emt 0:00:20]} a6 {[%emt 0:00:21]} 6. c4 {[%emt 0:03:36]} Nxe5 {[%emt 0:08:52]} 7. dxe5 {[%emt 0:00:11]} e6 {[%emt 0:00:04]} 8. cxd5 {[%emt 0:12:51]} Ne7 {[%emt 0:00:12]} 9. Nc3 {[%emt 0:07:02]} exd5 {[%emt 0:12:07]} 10. Bg5 {[%emt 0:07:14]} Qc7 {[%emt 0:05:33]} 11. Bxe7 {[%emt 0:19:34]} Bxe7 {[%emt 0:08:43]} 12. Qxd5 {[%emt 0:02:36]} Be6 {[%emt 0:01:23]} 13. Qe4 {[%emt 0:01:00]} Qb6 {[%emt 0:00:37]} 14. Qa4+ {[%emt 0:04:29]} Kf8 {[%emt 0:04:21]} 15. Qc2 {[%emt 0:01:18]} Qa5 {[%emt 0:13:16]} 16. Be2 {[%emt 0:07:13]} Qxe5 {[%emt 0:00:18]} 17. O-O {[%emt 0:00:16]} Rd8 {[%emt 0:02:21]} 18. Bf3 {[%emt 0:04:38]} b5 {[%emt 0:01:06]} 19. Rad1 {[%emt 0:02:27]} g6 {[%emt 0:06:04]} 20. Rfe1 {[%emt 0:01:45]} Rxd1 {[%emt 0:00:21]} 21. Qxd1 {[%emt 0:00:04]} Qd6 {[%emt 0:00:12]} 22. Nd5 {[%emt 0:03:30]} Bxd5 {[%emt 0:01:28]} 23. Qxd5 {[%emt 0:03:42]} Kg7 {[%emt 0:01:27]} 24. Qxd6 {[%emt 0:01:33]} 1/2-1/2

[Event "EYCC Open U20 2021"]
[Site "Tornelo"]
[Date "2021.10.15"]
[Round "1.2"]
[White "Salemgareev, Tagir"]
[Black "Levin, Guy"]
[Result "1-0"]
[WhiteElo "2489"]
[BlackElo "2359"]
[Annotator "ChessBase"]
[PlyCount "75"]
[EventDate "2021.10.15"]
[EventType "swiss"]
[EventCountry "NET"]
[SourceTitle "playchess.com"]
[Source "ChessBase"]
[SourceQuality "1"]
[TimeControl "5400+30"]

1. d4 {[%emt 0:00:30]} d5 {[%emt 0:00:42]} 2. c4 {[%emt 0:00:09]} e6 {[%emt 0:00:05]} 3. Nf3 {[%emt 0:00:04]} Nf6 {[%emt 0:00:04]} 4. Nc3 {[%emt 0:00:07]} dxc4 {[%emt 0:00:04]} 5. e4 {[%emt 0:00:05]} b5 {[%emt 0:00:03]} 6. e5 {[%emt 0:00:04]} Nd5 {[%emt 0:00:06]} 7. Nxb5 {[%emt 0:00:07]} Nb6 {[%emt 0:00:03]} 8. Be2 {[%emt 0:00:27]} Nc6 {[%emt 0:00:22]} 9. O-O {[%emt 0:00:24]} Bb7 {[%emt 0:00:08]} 10. Qd2 {[%emt 0:00:53]} Be7 {[%emt 0:00:11]} 11. Qf4 {[%emt 0:00:11]} Qd7 {[%emt 0:00:14]} 12. Be3 {[%emt 0:03:17]} Nb4 {[%emt 0:12:30]} 13. Nc3 {[%emt 0:02:31]} h6 {[%emt 0:02:26]} 14. Qg3 {[%emt 0:12:23]} g5 {[%emt 0:03:14]} 15. b3 {[%emt 0:07:32]} cxb3 {[%emt 0:17:26]} 16. axb3 {[%emt 0:00:08]} N4d5 {[%emt 0:03:59]} 17. Nxd5 {[%emt 0:03:58]} Nxd5 {[%emt 0:00:39]} 18. Nd2 {[%emt 0:09:52]} h5 {[%emt 0:08:20]} 19. Ne4 {[%emt 0:08:18]} g4 {[%emt 0:16:13]} 20. Bg5 {[%emt 0:07:43]} Bxg5 {[%emt 0:01:17]} 21. Nxg5 {[%emt 0:00:08]} Ne7 {[%emt 0:00:03]} 22. Qf4 {[%emt 0:00:28]} Nf5 {[%emt 0:13:23]} 23. Rfd1 {[%emt 0:00:24]} Qd5 {[%emt 0:01:10]} 24. f3 {[%emt 0:02:09]} gxf3 {[%emt 0:03:15]} 25. Bxf3 {[%emt 0:00:23]} Qb5 {[%emt 0:00:20]} 26. d5 {[%emt 0:01:40]} Qb6+ {[%emt 0:04:58]} 27. Kh1 {[%emt 0:00:06]} Qe3 {[%emt 0:01:01]} 28. Qa4+ {[%emt 0:00:34]} Kf8 {[%emt 0:00:11]} 29. Qb4+ {[%emt 0:06:30]} Kg7 {[%emt 0:00:06]} 30. Nxe6+ {[%emt 0:00:15]} fxe6 {[%emt 0:00:04]} 31. Qxb7 {[%emt 0:00:06]} h4 {[%emt 0:00:48]} 32. Qxc7+ {[%emt 0:00:11]} Kg6 {[%emt 0:01:07]} 33. h3 {[%emt 0:00:06]} Rac8 {[%emt 0:04:58]} 34. Qd7 {[%emt 0:00:55]} Ng3+ {[%emt 0:02:37]} 35. Kh2 {[%emt 0:00:06]} Qxe5 {[%emt 0:00:02]} 36. Qxe6+ {[%emt 0:00:47]} Qxe6 {[%emt 0:00:05]} 37. dxe6 {[%emt 0:00:05]} Rhe8 {[%emt 0:00:28]} 38. Rxa7 {[%emt 0:00:34]} 1-0

[Event "EYCC Open U20 2021"]
[Site "Tornelo"]
[Date "2021.10.15"]
[Round "1.3"]
[White "Garayev, Kanan"]
[Black "Ioannidis, Evgenios"]
[Result "1-0"]
[WhiteElo "2339"]
[BlackElo "2445"]
[Annotator "NA"]
[PlyCount "75"]
[EventDate "2021.10.15"]
[EventType "swiss"]
[EventCountry "NET"]
[SourceTitle "playchess.com"]
[Source "ChessBase"]
[SourceQuality "1"]
[TimeControl "5400+30"]

1. d4 {[%emt 0:00:30]} d5 {[%emt 0:00:44]} 2. c4 {[%emt 0:00:05]} e6 {[%emt 0:00:11]} 3. g3 {[%emt 0:00:18]} dxc4 {[%emt 0:00:25]} 4. Nf3 {[%emt 0:00:51]} c5 {[%emt 0:02:05]} 5. Bg2 {[%emt 0:00:06]} Nc6 {[%emt 0:00:33]} 6. Qa4 {[%emt 0:00:33]} Bd7 {[%emt 0:01:03]} 7. dxc5 {[%emt 0:12:38]} Ne5 {[%emt 0:12:32]} 8. Qb4 {[%emt 0:14:24]} Nxf3+ {[%emt 0:02:09]} 9. Bxf3 {[%emt 0:00:55]} Rc8 {[%emt 0:01:01]} 10. Qxb7 {[%emt 0:07:50]} Bxc5 {[%emt 0:00:36]} 11. Nc3 {[%emt 0:03:54]} Nf6 {[%emt 0:01:18]} 12. Bf4 {[%emt 0:02:34]} O-O {[%emt 0:03:12]} 13. O-O {[%emt 0:02:21]} Qe8 {[%emt 0:04:17]} 14. Rfd1 {[%emt 0:18:30]} e5 {[%emt 0:07:36]} 15. Bg5 {[%emt 0:01:09]} Bc6 {[%emt 0:02:32]} 16. Bxc6 {[%emt 0:00:09]} Qxc6 {[%emt 0:01:54]} 17. Qxc6 {[%emt 0:00:07]} Rxc6 {[%emt 0:00:03]} 18. Bxf6 {[%emt 0:00:42]} gxf6 {[%emt 0:00:13]} 19. Nd5 {[%emt 0:02:41]} Rb8 {[%emt 0:03:49]} 20. b3 {[%emt 0:03:27]} cxb3 {[%emt 0:24:38]} 21. axb3 {[%emt 0:00:05]} Kg7 {[%emt 0:01:08]} 22. Rdc1 {[%emt 0:02:18]} Rxb3 {[%emt 0:04:44]} 23. e3 $11 {[%emt 0:02:02]} Rb7 {[%emt 0:02:03]} 24. Ra4 {[%emt 0:01:02]} Rb5 {[%emt 0:11:13]} 25. Rac4 {[%emt 0:01:27]} f5 {[%emt 0:02:02]} 26. R1c2 {[%emt 0:05:19]} Rd6 {[%emt 0:00:45]} 27. Nc7 {[%emt 0:00:21]} Rb1+ {[%emt 0:05:43]} 28. Kg2 {[%emt 0:00:02]} Ba3 {[%emt 0:00:02]} 29. Ne8+ {[%emt 0:01:08]} Kf8 {[%emt 0:00:03]} 30. Nxd6 {[%emt 0:00:04]} Bxd6 {[%emt 0:00:03]} 31. Ra2 {[%emt 0:00:53]} Bb8 {[%emt 0:00:55]} 32. Rc8+ {[%emt 0:00:15]} Kg7 {[%emt 0:00:04]} 33. Rd2 {[%emt 0:00:37]} e4 {[%emt 0:00:53]} 34. Rd5 {[%emt 0:00:54]} Kg6 {[%emt 0:00:12]} 35. Rc6+ {[%emt 0:00:11]} f6 {[%emt 0:00:08]} 36. Rd7 {[%emt 0:00:25]} a5 {[%emt 0:01:31]} 37. Rc8 {[%emt 0:00:35]} f4 {[%emt 0:00:14]} 38. exf4 {[%emt 0:02:00]} 1-0

[Event "EYCC Open U20 2021"]
[Site "Tornelo"]
[Date "2021.10.15"]
[Round "1.4"]
[White "Dudin, Gleb"]
[Black "Crevatin, Leo"]
[Result "1/2-1/2"]
[WhiteElo "2438"]
[BlackElo "2275"]
[Annotator "ChessBase"]
[PlyCount "47"]
[EventDate "2021.10.15"]
[EventType "swiss"]
[EventCountry "NET"]
[SourceTitle "playchess.com"]
[Source "ChessBase"]
[SourceQuality "1"]
[TimeControl "5400+30"]

1. c4 {[%emt 0:00:30]} c6 {[%emt 0:01:57]} 2. Nf3 {[%emt 0:01:34]} d5 {[%emt 0:00:50]} 3. b3 {[%emt 0:00:24]} Nf6 {[%emt 0:02:04]} 4. Bb2 {[%emt 0:00:06]} Bf5 {[%emt 0:01:19]} 5. g3 {[%emt 0:00:23]} e6 {[%emt 0:02:03]} 6. Bg2 {[%emt 0:00:08]} h6 {[%emt 0:00:45]} 7. O-O {[%emt 0:00:09]} Be7 {[%emt 0:01:18]} 8. d3 {[%emt 0:00:09]} O-O {[%emt 0:01:09]} 9. Nbd2 {[%emt 0:00:07]} Nbd7 {[%emt 0:01:54]} 10. a3 {[%emt 0:00:19]} a5 {[%emt 0:01:40]} 11. Qb1 {[%emt 0:02:53]} Bh7 {[%emt 0:03:51]} 12. b4 {[%emt 0:02:31]} dxc4 {[%emt 0:16:24]} 13. Nxc4 {[%emt 0:02:35]} axb4 {[%emt 0:01:04]} 14. axb4 {[%emt 0:01:09]} Nd5 {[%emt 0:02:29]} 15. b5 {[%emt 0:30:12]} cxb5 {[%emt 0:03:57]} 16. Nce5 {[%emt 0:00:59]} Nxe5 {[%emt 0:02:58]} 17. Bxe5 {[%emt 0:01:06]} Rxa1 {[%emt 0:07:23]} 18. Qxa1 {[%emt 0:02:25]} f6 {[%emt 0:11:07]} 19. Bb2 {[%emt 0:01:02]} Qd7 {[%emt 0:01:17]} 20. Bh3 {[%emt 0:14:13]} Bg6 {[%emt 0:05:54]} 21. Nd4 {[%emt 0:02:42]} Bf7 {[%emt 0:00:22]} 22. Rc1 {[%emt 0:02:54]} b4 {[%emt 0:03:34]} 23. Qa5 {[%emt 0:09:44]} Rd8 {[%emt 0:06:44]} 24. Nb5 {[%emt 0:07:47]} 1/2-1/2

[Event "EYCC Open U20 2021"]
[Site "Tornelo"]
[Date "2021.10.15"]
[Round "1.5"]
[White "Kalogridis, Antonios"]
[Black "Ibrahimli, Murad"]
[Result "1/2-1/2"]
[WhiteElo "2275"]
[BlackElo "2435"]
[Annotator "NA"]
[PlyCount "147"]
[EventDate "2021.10.15"]
[EventType "swiss"]
[EventCountry "NET"]
[SourceTitle "playchess.com"]
[Source "ChessBase"]
[SourceQuality "1"]
[TimeControl "5400+30"]

1. d4 {[%emt 0:00:30]} Nf6 {[%emt 0:00:37]} 2. c4 {[%emt 0:00:08]} e6 {[%emt 0:00:02]} 3. Nc3 {[%emt 0:00:04]} Bb4 {[%emt 0:00:02]} 4. f3 {[%emt 0:00:03]} c5 {[%emt 0:00:48]} 5. d5 {[%emt 0:00:05]} b5 {[%emt 0:00:36]} 6. e4 {[%emt 0:00:08]} bxc4 {[%emt 0:00:01]} 7. Bxc4 {[%emt 0:19:55]} Nxd5 {[%emt 0:00:35]} 8. Bxd5 {[%emt 0:00:09]} exd5 {[%emt 0:00:03]} 9. Qxd5 {[%emt 0:00:07]} Nc6 {[%emt 0:00:03]} 10. Nge2 {[%emt 0:06:28]} Ba6 {[%emt 0:00:20]} 11. Be3 {[%emt 0:01:59]} Qb6 {[%emt 0:00:36] [#]} 12. Kf2 $1 {[%emt 0:02:04]} O-O {[%emt 0:00:23]} 13. a3 {[%emt 0:03:57]} ({Wrong is} 13. Qxd7 $2 Bxc3 14. bxc3 Bxe2 $19) 13... Bxc3 {[%emt 0:01:06]} 14. bxc3 {[%emt 0:00:12]} d6 {[%emt 0:01:43]} 15. Rab1 {[%emt 0:01:31]} Qc7 {[%emt 0:00:07]} 16. Rhd1 {[%emt 0:01:44]} Rad8 {[%emt 0:03:54]} 17. Bg5 {[%emt 0:12:15]} Ne7 {[%emt 0:04:19]} 18. Bxe7 {[%emt 0:02:18]} Qxe7 {[%emt 0:02:44]} 19. c4 {[%emt 0:03:55]} Bc8 {[%emt 0:00:59]} 20. Nc3 {[%emt 0:01:48]} Be6 {[%emt 0:00:14]} 21. Qd3 {[%emt 0:00:33]} f5 {[%emt 0:00:34]} 22. Re1 {[%emt 0:13:16]} Qf7 {[%emt 0:01:44]} 23. Nd5 {[%emt 0:00:43]} Kh8 {[%emt 0:00:36]} 24. Rbd1 {[%emt 0:00:49]} fxe4 {[%emt 0:03:31]} 25. Qxe4 {[%emt 0:00:13]} Rde8 {[%emt 0:01:23]} 26. Ne3 {[%emt 0:04:44]} Qc7 {[%emt 0:04:47]} 27. Qd3 {[%emt 0:00:25]} Rd8 {[%emt 0:01:54]} 28. Nd5 {[%emt 0:00:06]} Qf7 {[%emt 0:00:02]} 29. Qe4 {[%emt 0:00:41]} Rfe8 {[%emt 0:00:28]} 30. Re3 {[%emt 0:03:59]} Bxd5 {[%emt 0:02:28]} 31. Qxd5 {[%emt 0:00:14]} Qf4 {[%emt 0:00:02]} 32. Re4 {[%emt 0:03:14]} Rxe4 {[%emt 0:05:17]} 33. Qxe4 {[%emt 0:00:05]} Qf6 $14 {[%emt 0:00:34]} 34. Kg1 {[%emt 0:01:26]} h6 {[%emt 0:00:07]} 35. Qd3 {[%emt 0:00:24]} Qb2 {[%emt 0:00:15]} 36. Rd2 {[%emt 0:00:26]} Qa1+ {[%emt 0:00:10]} 37. Rd1 {[%emt 0:00:06]} Qe5 {[%emt 0:00:02]} 38. Qe4 {[%emt 0:01:02]} Qf6 {[%emt 0:01:37]} 39. Qd3 {[%emt 0:01:08]} a5 {[%emt 0:00:11]} 40. Qd2 {[%emt 0:01:27]} a4 {[%emt 0:00:38]} 41. Qa5 {[%emt 0:00:14]} Qh4 {[%emt 0:05:02]} 42. Qxa4 {[%emt 0:00:47]} d5 {[%emt 0:00:07]} 43. Qa5 {[%emt 0:01:26]} d4 {[%emt 0:03:44]} 44. Qxc5 {[%emt 0:00:07]} d3 {[%emt 0:00:05]} 45. g3 {[%emt 0:03:41]} Qf6 {[%emt 0:00:44]} 46. Qe3 {[%emt 0:00:06]} Qc3 {[%emt 0:02:28]} 47. c5 {[%emt 0:00:30]} Qb3 {[%emt 0:00:04]} 48. Rd2 {[%emt 0:00:15]} Qxa3 {[%emt 0:00:05]} 49. Kg2 {[%emt 0:00:22]} Qc1 {[%emt 0:01:13]} 50. g4 {[%emt 0:00:29]} Qc4 {[%emt 0:01:18]} 51. Kg3 {[%emt 0:00:12]} Rd4 {[%emt 0:00:27]} 52. f4 {[%emt 0:01:48]} Rd8 {[%emt 0:01:57]} 53. c6 {[%emt 0:00:40]} Qxc6 {[%emt 0:00:04]} 54. Rxd3 {[%emt 0:00:07]} Re8 {[%emt 0:00:01]} 55. Qd2 {[%emt 0:00:14]} Qb6 {[%emt 0:00:42]} 56. Qf2 {[%emt 0:00:31]} Qb1 {[%emt 0:00:10]} 57. Re3 {[%emt 0:00:09]} Rc8 {[%emt 0:00:06]} 58. Qe1 {[%emt 0:00:22]} Qb8 {[%emt 0:00:31]} 59. h4 {[%emt 0:00:14]} Rf8 {[%emt 0:00:04]} 60. Re5 {[%emt 0:00:26]} Rd8 {[%emt 0:00:24]} 61. h5 {[%emt 0:00:22]} Qb3+ {[%emt 0:00:07]} 62. Re3 {[%emt 0:00:07]} Qf7 {[%emt 0:00:02]} 63. Qe2 {[%emt 0:00:29]} Rf8 {[%emt 0:00:07]} 64. Re4 {[%emt 0:00:08]} Qc7 {[%emt 0:00:07]} 65. Qe3 {[%emt 0:00:23]} Qc6 {[%emt 0:00:29]} 66. Re6 {[%emt 0:00:16]} Qb5 {[%emt 0:00:57]} 67. f5 {[%emt 0:05:18]} Qb8+ {[%emt 0:00:54]} 68. Kh3 {[%emt 0:00:18]} Qb1 {[%emt 0:05:13]} 69. Re8 {[%emt 0:01:47]} Rxe8 {[%emt 0:00:33]} 70. Qxe8+ {[%emt 0:00:04]} Kh7 {[%emt 0:00:01]} 71. Qg6+ {[%emt 0:00:07]} Kh8 {[%emt 0:00:04]} 72. Qe8+ {[%emt 0:00:19]} Kh7 {[%emt 0:00:04]} 73. Qg6+ {[%emt 0:00:32]} Kh8 {[%emt 0:00:04]} 74. Qe8+ {[%emt 0:00:25]} 1/2-1/2

[Event "EYCC Open U20 2021"]
[Site "Tornelo"]
[Date "2021.10.15"]
[Round "1.6"]
[White "Sokolovsky, Yahli"]
[Black "Tryggestad, Andreas Garberg"]
[Result "1-0"]
[WhiteElo "2422"]
[BlackElo "2268"]
[Annotator "NA"]
[PlyCount "91"]
[EventDate "2021.10.15"]
[EventType "swiss"]
[EventCountry "NET"]
[SourceTitle "playchess.com"]
[Source "ChessBase"]
[SourceQuality "1"]
[TimeControl "5400+30"]

1. e4 {[%emt 0:00:30]} c5 {[%emt 0:00:43]} 2. Nf3 {[%emt 0:00:08]} e6 {[%emt 0:00:07]} 3. d4 {[%emt 0:00:11]} cxd4 {[%emt 0:00:06]} 4. Nxd4 {[%emt 0:00:05]} Nc6 {[%emt 0:00:06]} 5. Nc3 {[%emt 0:00:07]} Qc7 {[%emt 0:00:08]} 6. Be3 {[%emt 0:00:05]} Nf6 {[%emt 0:00:09]} 7. Qf3 {[%emt 0:00:07]} a6 {[%emt 0:25:32]} 8. O-O-O {[%emt 0:01:24]} Ne5 {[%emt 0:07:16]} 9. Qg3 {[%emt 0:01:10]} h5 $14 {[%emt 0:00:52]} 10. f4 {[%emt 0:15:09]} Neg4 {[%emt 0:00:17]} 11. Bg1 {[%emt 0:17:01]} b5 {[%emt 0:09:17]} 12. e5 {[%emt 0:10:10]} b4 {[%emt 0:01:04]} 13. Nb1 {[%emt 0:07:49]} Nd5 {[%emt 0:04:34]} 14. h3 {[%emt 0:00:21]} Nh6 {[%emt 0:00:11]} 15. Nd2 {[%emt 0:01:37]} Bb7 {[%emt 0:05:29]} 16. Nc4 {[%emt 0:05:57]} Rc8 {[%emt 0:04:31]} 17. Bd3 {[%emt 0:00:38]} g6 {[%emt 0:00:49]} 18. f5 {[%emt 0:08:35]} gxf5 {[%emt 0:12:21]} 19. Nd6+ {[%emt 0:08:10]} Bxd6 {[%emt 0:00:04]} 20. exd6 {[%emt 0:00:04]} Qd8 {[%emt 0:00:36]} 21. Nxf5 {[%emt 0:04:50]} Rg8 {[%emt 0:05:25]} 22. Ng7+ {[%emt 0:03:34]} Kf8 {[%emt 0:00:06]} 23. Bd4 {[%emt 0:01:31]} f6 {[%emt 0:01:53]} 24. Qg6 {[%emt 0:07:20]} Nf7 {[%emt 0:00:27]} 25. Rhf1 {[%emt 0:00:48]} Rxg7 {[%emt 0:00:20]} 26. Qxh5 {[%emt 0:00:03]} Nxd6 {[%emt 0:10:27]} 27. Qh4 {[%emt 0:05:49]} Ne8 {[%emt 0:05:50]} 28. Qh8+ {[%emt 0:00:18]} Ke7 {[%emt 0:00:39]} 29. g4 {[%emt 0:00:55]} e5 {[%emt 0:03:13]} 30. Bxe5 {[%emt 0:00:13]} Rc6 {[%emt 0:01:36]} 31. Rde1 {[%emt 0:00:42]} Re6 {[%emt 0:00:27]} 32. Bg3 {[%emt 0:00:25]} Rf7 {[%emt 0:00:14]} 33. Bf5 {[%emt 0:00:12]} Qb6 {[%emt 0:01:16]} 34. Bxe6 {[%emt 0:00:15]} dxe6 {[%emt 0:00:04]} 35. g5 {[%emt 0:00:47]} Kd7 {[%emt 0:01:19]} 36. Be5 {[%emt 0:00:51]} Qa5 {[%emt 0:00:29]} 37. gxf6 {[%emt 0:00:33]} b3 {[%emt 0:00:15]} 38. Qg8 {[%emt 0:00:33]} Rxf6 {[%emt 0:00:38]} 39. Bxf6 {[%emt 0:00:09]} Nexf6 {[%emt 0:00:02]} 40. Qxe6+ {[%emt 0:00:20]} Kc7 {[%emt 0:00:06]} 41. Qe5+ {[%emt 0:00:23]} Kc8 {[%emt 0:00:32]} 42. Rxf6 {[%emt 0:00:46]} bxa2 {[%emt 0:00:19]} 43. Qe8+ {[%emt 0:00:23]} Qd8 {[%emt 0:00:21]} 44. Qxd8+ {[%emt 0:00:22]} Kxd8 {[%emt 0:00:02]} 45. Rf8+ {[%emt 0:00:03]} Kd7 {[%emt 0:00:03]} 46. Kd2 {[%emt 0:00:01]} 1-0

[Event "EYCC Open U20 2021"]
[Site "Tornelo"]
[Date "2021.10.15"]
[Round "1.7"]
[White "Pliukha, Myhajlo"]
[Black "Ben Ari, Yannay"]
[Result "0-1"]
[WhiteElo "2217"]
[BlackElo "2416"]
[Annotator "TA"]
[PlyCount "102"]
[EventDate "2021.10.15"]
[EventType "swiss"]
[EventCountry "NET"]
[SourceTitle "playchess.com"]
[Source "ChessBase"]
[SourceQuality "1"]

{[%evp 9,102,0,0,-10,-16,-9,-4,-6,15,-10,-14,-13,-3,-25,9,0,0,4,15,0,3,-16,-12,-20,-12,-14,-16,-20,0,0,0,-14,-14,-16,-6,-22,-23,-24,-14,-13,-6,-27,-29,-33,-30,-27,-24,-56,-60,-114,-119,-106,-58,-131,-125,-127,-127,-134,-134,-128,-125,-211,-219,-232,-228,-246,-235,-229,-235,-338,-339,-487,-479,-481,-483,-475,-470,-475,-469,-457,-450,-487,-478,-478,-481,-635,-635,-1043,-1016,-1149,-1149,-6219,-5718,-5718,-5639]} 1. e4 c5 2. d4 cxd4 3. Qxd4 Nc6 4. Qd3 e6 5. Nc3 a6 6. Bf4 {B21: Sicilian: 2 f4 and Morra Gambit.} b5 7. Nf3 {[#]} Bb7 $146 ({Predecessor:} 7... Nge7 8. O-O-O Ng6 9. Bg3 Be7 10. h4 f6 11. Qe2 Qa5 12. Nd2 Nge5 13. f4 Nd4 {1-0 (55) Oganisjan,R (2304)-Khismatullin,D (2673) Taganrog 2015}) 8. a3 {The position is equal.} Rc8 (8... b4 {keeps more tension.} 9. axb4 Nxb4 10. Qd2 Nf6 11. Bg5 d5) 9. Bd6 (9. Be2 {looks sharper.} Na5 10. Nd2 Nf6 11. O-O Be7 12. e5) 9... Bxd6 10. Qxd6 Qe7 11. Qg3 f6 12. Bd3 Nh6 13. O-O O-O 14. Rfe1 Nf7 15. Nh4 Qc5 16. Kh1 Qg5 17. Rad1 Rfd8 18. Qh3 Qh6 19. Qg3 Qg5 20. Qh3 Nce5 21. Nf3 Qg4 22. Qxg4 Nxg4 23. Kg1 Kf8 24. Nd4 Nge5 25. f4 Nc4 26. Bxc4 Rxc4 27. Nb3 Ba8 28. Rd2 Ke7 29. Kf2 (29. Rde2 $15) 29... Nd6 $17 30. Rde2 Rdc8 31. g3 {[#]} (31. Na5 $15) 31... b4 $1 {[%cal Rb4c3]} 32. axb4 Rxb4 33. e5 fxe5 34. Rxe5 Nc4 35. R5e2 (35. Rc5 $17 Rxc5 36. Nxc5) 35... Nxb2 $19 36. Nd1 {[#]} Rxc2 {[%mdl 576] Remove Defender} 37. Rxc2 Nd3+ {[%mdl 64] Double Attack} 38. Ke2 Nxe1 ({Weaker is} 38... Rxb3 39. Rf1 $11) 39. Rc3 {[#]} (39. Kxe1 {keeps fighting.} Rxb3 40. Kd2) 39... Nf3 $1 {...Rxb3! is the strong threat.} 40. Kd3 (40. Nd2 $142 Nxh2 41. Ra3) 40... Bd5 {Black is clearly winning.} 41. Nc5 Rd4+ 42. Kc2 Rd2+ 43. Kc1 Rxh2 44. Ne3 Bc6 45. Nxa6 Nd4 46. Ra3 Ne2+ 47. Kb1 Be4+ 48. Ka1 Rh1+ 49. Ka2 Rb1 {[%cal Re2c1]} 50. Ra5 Nc1+ 51. Ka3 Rb3+ {[%mdl 64] Double Attack.  Weighted Error Value: White=0.43/Black=0.03} 0-1

[Event "EYCC Open U20 2021"]
[Site "Tornelo"]
[Date "2021.10.15"]
[Round "1.8"]
[White "Pantzar, Milton"]
[Black "Bruaset, Eivind"]
[Result "1-0"]
[WhiteElo "2413"]
[BlackElo "2200"]
[Annotator "NA"]
[PlyCount "125"]
[EventDate "2021.10.15"]
[EventType "swiss"]
[EventCountry "NET"]
[SourceTitle "playchess.com"]
[Source "ChessBase"]
[SourceQuality "1"]
[TimeControl "5400+30"]

1. e4 {[%emt 0:00:30]} e6 {[%emt 0:01:13]} 2. Nf3 {[%emt 0:00:37]} d5 {[%emt 0:00:25]} 3. e5 {[%emt 0:00:27]} c5 {[%emt 0:00:41]} 4. g3 {[%emt 0:00:31]} Nc6 {[%emt 0:08:55]} 5. Bg2 {[%emt 0:00:38]} f6 {[%emt 0:01:05]} 6. exf6 {[%emt 0:01:22]} Nxf6 {[%emt 0:00:26]} 7. O-O {[%emt 0:00:34]} Bd6 {[%emt 0:02:38]} 8. c4 {[%emt 0:01:07]} O-O {[%emt 0:05:16]} 9. d4 {[%emt 0:01:00]} Kh8 {[%emt 0:11:11]} 10. Bg5 {[%emt 0:13:46]} Qb6 {[%emt 0:12:15]} 11. Bxf6 {[%emt 0:15:48]} Rxf6 {[%emt 0:00:45]} 12. cxd5 {[%emt 0:01:40]} Nxd4 {[%emt 0:02:31]} 13. Nc3 {[%emt 0:02:49]} Bd7 {[%emt 0:19:47]} 14. Nxd4 {[%emt 0:10:00]} cxd4 {[%emt 0:00:28]} 15. Ne4 {[%emt 0:00:20]} Rf5 {[%emt 0:02:55]} 16. Nxd6 {[%emt 0:08:57]} Qxd6 {[%emt 0:00:22]} 17. Qxd4 {[%emt 0:00:37]} exd5 {[%emt 0:01:43]} 18. Rad1 {[%emt 0:01:52]} Bc6 {[%emt 0:03:05]} 19. Rfe1 $14 {[%emt 0:02:54]} a6 {[%emt 0:03:05]} 20. f4 {[%emt 0:05:04]} Rd8 {[%emt 0:00:47]} 21. Rd2 {[%emt 0:01:53]} Qf6 {[%emt 0:02:50]} 22. h4 {[%emt 0:06:13]} Qxd4+ {[%emt 0:02:27]} 23. Rxd4 {[%emt 0:00:09]} Rff8 {[%emt 0:00:35]} 24. Kf2 {[%emt 0:07:07]} Rfe8 {[%emt 0:01:07]} 25. Rxe8+ {[%emt 0:01:28]} Rxe8 {[%emt 0:00:16]} 26. g4 {[%emt 0:02:07]} Rd8 {[%emt 0:07:32]} 27. g5 {[%emt 0:02:35]} Kg8 {[%emt 0:00:38]} 28. Kg3 {[%emt 0:01:16]} Kf7 {[%emt 0:01:31]} 29. f5 {[%emt 0:01:59]} Ke7 {[%emt 0:00:47]} 30. Kf4 {[%emt 0:02:17]} Kd6 {[%emt 0:00:24]} 31. Rd1 {[%emt 0:01:56]} Re8 {[%emt 0:02:21]} 32. Bf3 {[%emt 0:00:17]} a5 {[%emt 0:00:50]} 33. h5 {[%emt 0:02:41]} h6 {[%emt 0:03:27]} 34. gxh6 {[%emt 0:00:15]} gxh6 {[%emt 0:00:02]} 35. a3 {[%emt 0:00:25]} a4 {[%emt 0:02:42]} 36. Rg1 {[%emt 0:02:21]} d4 {[%emt 0:00:17]} 37. Rg6+ {[%emt 0:01:14]} Kc5 {[%emt 0:00:18]} 38. f6 {[%emt 0:00:51]} Bxf3 {[%emt 0:00:51]} 39. Kxf3 {[%emt 0:00:19]} d3 {[%emt 0:00:18]} 40. f7 {[%emt 0:00:29]} Rf8 {[%emt 0:00:21]} 41. Rf6 {[%emt 0:00:54]} Kd4 {[%emt 0:01:10]} 42. Rf5 {[%emt 0:00:34]} b5 {[%emt 0:00:37]} 43. Rf6 {[%emt 0:01:05]} Ke5 {[%emt 0:00:26]} 44. Rxh6 {[%emt 0:00:17]} Rxf7+ {[%emt 0:00:14]} 45. Ke3 {[%emt 0:00:10]} Rd7 {[%emt 0:00:07]} 46. Kd2 {[%emt 0:00:18]} Kd4 {[%emt 0:00:19]} 47. Rg6 {[%emt 0:00:39]} Rf7 {[%emt 0:01:26]} 48. Rg4+ {[%emt 0:00:18]} Kd5 {[%emt 0:00:24]} 49. Rh4 {[%emt 0:00:37]} Rh7 {[%emt 0:00:39]} 50. h6 {[%emt 0:00:28]} Kc5 {[%emt 0:00:08]} 51. Kxd3 {[%emt 0:00:25]} Kd5 {[%emt 0:00:41]} 52. Rh5+ {[%emt 0:00:16]} Kc6 {[%emt 0:00:25]} 53. Kd4 {[%emt 0:00:47]} Rd7+ {[%emt 0:00:44]} 54. Kc3 {[%emt 0:00:31]} Rh7 {[%emt 0:00:24]} 55. Kb4 {[%emt 0:00:14]} Kd6 {[%emt 0:00:38]} 56. Kxb5 {[%emt 0:00:28]} Rb7+ {[%emt 0:00:16]} 57. Kxa4 {[%emt 0:00:25]} Rh7 {[%emt 0:00:15]} 58. b4 {[%emt 0:00:23]} Kc6 {[%emt 0:00:04]} 59. b5+ {[%emt 0:00:25]} Kb6 {[%emt 0:00:03]} 60. Kb3 {[%emt 0:00:49]} Ka5 {[%emt 0:00:08]} 61. Kc3 {[%emt 0:00:53]} Rc7+ {[%emt 0:00:26]} 62. Kd4 {[%emt 0:00:26]} Rh7 {[%emt 0:00:02]} 63. Ke4 {[%emt 0:00:25]} 1-0